000 00660nam a2200241Ia 4500
003 OSt
005 20221005032003.0
006 a|||||r|||| 00| 0
007 ta
008 221004b |||||||| |||| 00| 0 tam d
024 _a64404
037 _cTextual
040 _aCRL
_cCRL
_btam
041 _2tam
_atam
082 _aO31,1NDU1x, K9
100 _aA.Durai Pulavar Kallai Au.
_9584626
245 0 _aIdhaya Malarkal
260 _aChennai
_bThamil puthakalayam India
_c1969
300 _a72p.
_ccm.
650 _aTAMIL LITERATURE
942 _hO31,1NDU1x, K9
_cTEXL
_2cc
999 _c938866
_d938866